00432nam a2200193Ia 4500008004100000041001200041082000800053082001100061100001900072100001700091100001100108245001500119260001300134260001900147260000900166300001500175365002500190650002300215150909s9999 xx 000 0 und d aEnglish a541 bREU/CH aBeletskaya I P aReutov O A  eAuthor aC H- acids aNew York bPergamon Press c1978 a225 Pages aRs.59.00  aPhysical Chemistry